What think ye of Christ and other sermons. (Record no. 12020)

000 -LEADER
fixed length control field 00669nam a2200193 a 4500
001 - CONTROL NUMBER
control field :::00009822$&:&@@
003 - CONTROL NUMBER IDENTIFIER
control field OkBaRHE
005 - DATE AND TIME OF LATEST TRANSACTION
control field 20000607103353.0
008 - FIXED-LENGTH DATA ELEMENTS--GENERAL INFORMATION
fixed length control field s1965 j 000 0 eng u
040 ## - CATALOGING SOURCE
Transcribing agency
100 1# - MAIN ENTRY--PERSONAL NAME
Personal name Greene, Oliver B.
245 10 - TITLE STATEMENT
Title What think ye of Christ and other sermons.
260 ## - PUBLICATION, DISTRIBUTION, ETC. (IMPRINT)
Place of publication, distribution, etc Greenville, SC., :
Name of publisher, distributor, etc The Gospel Hour, Inc.
Date of publication, distribution, etc c1965
300 ## - PHYSICAL DESCRIPTION
Extent 207 p. ;
Dimensions 19 cm.
650 ## - SUBJECT ADDED ENTRY--TOPICAL TERM
Topical term or geographic name as entry element Sermons, American
942 ## - ADDED ENTRY ELEMENTS (KOHA)
Source of classification or shelving scheme
Koha item type Books
Copies
Withdrawn status Permanent Location Barcode Price effective from Copy number Source of classification or shelving scheme Koha item type Not for loan Full call number Shelving location Damaged status Date last seen Lost status Date acquired
 RHEMA Bible Training College98222010-04-141 Books BV 4241 .G7W46General Stacks 2010-04-14 2010-04-14
 RHEMA Bible Training College205272010-04-142 Books BV 4241 .G7W46General Stacks 2010-04-14 2010-04-14